000
00193 a2200097 4500
001
2463
100
_a
Flight, Staff
245
_a
Flight Handbook
260
_a
_b
Iliffe
_c
090
_c
1782
_d
1782
942
_a
NUST-CAE
_c
M
_c
8691
999
_c
237536
_d
237536